000
00281nam a2200121 a 4500
008
100719s2008|||| d
245
1
0
_a
Tajomstvá letnej noci
100
1
_a
Kleypasová, Lisa
260
_b
Ikar
_a
Bratislava
_c
2008
020
_c
299
041
_a
slo
044
_a
xo
_c
SK
999
_c
8079
_d
8079